Copper roofing (Record no. 113137)

MARC details
000 -LEADER
fixed length control field 00581cam a22001935a 4500
001 - CONTROL NUMBER
control field L154761
008 - FIXED-LENGTH DATA ELEMENTS--GENERAL INFORMATION
fixed length control field 120117s1965 xxk 000 0 eng u
035 ## - SYSTEM CONTROL NUMBER
System control number (Sirsi) u154761
041 ## - LANGUAGE CODE
Language code of text/sound track or separate title eng
050 ## - LIBRARY OF CONGRESS CALL NUMBER
Classification number 695.43
110 ## - MAIN ENTRY--CORPORATE NAME
Corporate name or jurisdiction name as entry element Copper Development Association
9 (RLIN) 216
245 ## - TITLE STATEMENT
Title Copper roofing
260 ## - PUBLICATION, DISTRIBUTION, ETC.
Place of publication, distribution, etc. London
Name of publisher, distributor, etc. Copper Development Association
Date of publication, distribution, etc. 1965
300 ## - PHYSICAL DESCRIPTION
Extent 196p.
Other physical details ill.
Dimensions 21cm.
520 ## - SUMMARY, ETC.
Summary, etc. Technical information on the use of copper for roofing, flashings and weatherings.
651 #4 - SUBJECT ADDED ENTRY--GEOGRAPHIC NAME
Geographic name United Kingdom
Chronological subdivision
690 ## - LOCAL SUBJECT ADDED ENTRY--TOPICAL TERM (OCLC, RLIN)
Topical term or geographic name as entry element Building materials and defects
942 ## - ADDED ENTRY ELEMENTS (KOHA)
Suppress in OPAC 0
Holdings
Withdrawn status Lost status Source of classification or shelving scheme Damaged status Not for loan Home library Current library Shelving location Date acquired Total Checkouts Full call number Barcode Date last seen Copy number Price effective from Koha item type
    Dewey Decimal Classification     London London Basement 17/01/2012   RESERVE 30077119 06/08/2019 1 06/08/2019 Book